00326nam a2200121Ia 4500008004100000041000800041082001400049100001700063245004500080260004200125300003000167365000700197240624s9999 xx 000 0 und d aeng a158.1 GIA aGIARDINA RIC aBEING AUTHENTIC WITH YOURSELF AND OTHERS c2005aNew DelhibInfinity Books India axv, : 267 : p. : cm. ; 22 cRS